Detection of Quorum Quenching Enzymes Producing Genes In Membrane Bioreactor / (Record no. 526055)
[ view plain ]
| 000 -LEADER | |
|---|---|
| fixed length control field | 00598nam a22001937a 4500 |
| 003 - CONTROL NUMBER IDENTIFIER | |
| control field | NUST |
| 005 - DATE AND TIME OF LATEST TRANSACTION | |
| control field | 20190708064704.0 |
| 008 - FIXED-LENGTH DATA ELEMENTS--GENERAL INFORMATION | |
| fixed length control field | 190708b ||||| |||| 00| 0 eng d |
| 020 ## - INTERNATIONAL STANDARD BOOK NUMBER | |
| Qualifying information | Hardcover. |
| 038 ## - RECORD CONTENT LICENSOR | |
| Staff Name | Mr. Zahoor |
| 082 ## - DEWEY DECIMAL CLASSIFICATION NUMBER | |
| Classification number | 628 |
| 100 ## - MAIN ENTRY--PERSONAL NAME | |
| Personal name | Parveen, Shabila |
| 9 (RLIN) | 17015 |
| 245 ## - TITLE STATEMENT | |
| Title | Detection of Quorum Quenching Enzymes Producing Genes In Membrane Bioreactor / |
| Statement of responsibility, etc. | Shabila Parveen |
| 260 ## - PUBLICATION, DISTRIBUTION, ETC. | |
| Place of publication, distribution, etc. | Islamabad : |
| Name of publisher, distributor, etc. | SCEE - NUST, |
| Date of publication, distribution, etc. | 2018. |
| 300 ## - PHYSICAL DESCRIPTION | |
| Extent | xx, 93 p. : ill. ; |
| Dimensions | 30cm. |
| 650 ## - SUBJECT ADDED ENTRY--TOPICAL TERM | |
| Topical term or geographic name entry element | Environmental Science - MS Thesis |
| 9 (RLIN) | 16562 |
| 700 ## - ADDED ENTRY--PERSONAL NAME | |
| Personal name | Dr. Sher Jamal Khan |
| 9 (RLIN) | 16340 |
| 942 ## - ADDED ENTRY ELEMENTS (KOHA) | |
| Source of classification or shelving scheme | |
| Koha item type | Thesis |
| Withdrawn status | Lost status | Source of classification or shelving scheme | Damaged status | Not for loan | Permanent Location | Current Location | Shelving location | Date acquired | Total Checkouts | Full call number | Barcode | Date last seen | Price effective from | Koha item type |
|---|---|---|---|---|---|---|---|---|---|---|---|---|---|---|
| Central Library (CL) | Central Library (CL) | Thesis | 07/08/2019 | 628 | CL-T-2029 | 07/11/2019 | 07/08/2019 | Thesis | ||||||
| Not For Loan | Institute of Environmental Science and Engineering (IESE) | Institute of Environmental Science and Engineering (IESE) | Thesis | 12/06/2019 | 628 PER | IESE-T-531 | 12/06/2019 | 12/06/2019 | Thesis |
